Criterios bíblicos para discernir entre la profecía auténtica y la falsa (Registro nro. 67088)
[ vista simple ]
| 000 -LÍDER | |
|---|---|
| Campo fijo de descripción fija | 01252nab a2200229 i 4500 |
| 001 - NÚMERO DE CONTROL | |
| Campo de control | 768714001 |
| 003 - IDENTIFICADOR DEL NÚMERO DE CONTROL | |
| Campo de control | CO-MdFUSB |
| 005 - FECHA Y HORA DE LA ULTIMA TRANSACCIÓN | |
| control field | 20230112163423.0 |
| 008 - ELEMENTOS DE LONGITUD FIJA -- INFORMACIÓN GENERAL | |
| Campo fijo de descripción fija -- Información general | 211214b ck ||||| |||| 00| 0 spa d |
| 022 ## - NÚMERO INTERNACIONAL NORMALIZADO PARA PUBLICACIONES SERIADAS | |
| Número Internacional Normalizado para Publicaciones Seriadas | 1014-9341 |
| 040 ## - FUENTE DE CATALOGACIÓN | |
| Idioma de catalogación | spa |
| Agencia Catalogadora | CO-MdFUSB |
| Agencia que realiza la transcripción | CO-MdFUSB |
| Agencia que realiza la modificación | CO-MdFUSB |
| 041 ## - CÓDIGO DE IDIOMA | |
| Código de idioma para texto/pista de sonido o título separado | spa |
| 100 ## - ASIENTO PRINCIPAL--NOMBRE PERSONAL | |
| Término relacionador | Autor |
| Nombre personal | Sosa, Carlos R., |
| 245 ## - TÍTULO | |
| Título | Criterios bíblicos para discernir entre la profecía auténtica y la falsa |
| Mención de responsabilidad | / Carlos R. Sosa |
| 300 ## - DESCRIPCIÓN FÍSICA | |
| Extensión | Número 48 (Enero - Junio, 2011), páginas 119-124 |
| Dimensiones | ; 23 cm |
| 520 ## - NOTA DE RESUMEN, ETC. | |
| Nota de sumario, etc. | El autor, profesor en la University of Durham, Inglaterra, se ha interesado en los últimos años por desarrollar teología bíblica partiendo del Antiguo Testamento, su área de especialidad. De hecho, su The Bible, Theology, and Faith (2000) es el antecedente de que ahora estamos reseñando. los dos tienen por objeto demostrar cómo un tema clásico de la teología cristiana puede ser articulado y desarrollado en el contexto de la Escritura tomada como un todo. |
| 650 #7 - ASIENTO SECUNDARIO DE MATERIA - TERMINO TEMÁTICO | |
| 9 (RLIN) | 320 |
| Término temático o nombre geográfico como elemento de entrada | Teología bíblica |
| 653 ## - TÉRMINO DE INDIZACIÓN - NO CONTROLADO | |
| Término no controlado | Profecía. |
| 690 ## - CAMPO LOCAL DE ACCESO TEMÁTICO | |
| Término temático o nombre geográfico como elemento de entrada | Cristianismo |
| 773 0# - ASIENTO DE ITEM FUENTE | |
| Biblionumber | 49489 |
| Itemnumber | 79999 |
| Otro identificador del ítem | R2081 |
| Título | Kairós |
| Número de control del registro | (CO-MdFUSB)768714001 |
| Número Internacional Normalizado para Publicaciones Seriadas (ISSN) | 10149341 |
| Parte(s) relacionada(s) / Volumen., número. (mes año), páginas | Número 48 (Enero - Junio, 2011), páginas 119-124 |
| Enumeración y primera página | Página 119 |
| 942 ## - TIPO DE MATERIAL (KOHA) | |
| Tipo de Item KOHA | Artículos de Revista |
No hay ítems disponibles.
